| 000 | 01042nac a22002411u 4500 | ||
|---|---|---|---|
| 010 | _a 2005295180 | ||
| 020 | _a1903996600 (pbk.) | ||
| 035 | _a(OCoLC)ocm56760365 | ||
| 082 | 0 | 0 |
_a620/.44 _bW5876 |
| 090 |
_c1929 _d1929 |
||
| 100 | _aWhitehouse, D. J. | ||
| 245 | 1 | 0 |
_aSurfaces and their measurement / _cDavid Whitehouse. |
| 260 |
_aLondon : _bKogan Page Science, _c2004, c2002. |
||
| 300 |
_axi, 395 p. : _bill. ; _c24 cm. |
||
| 490 | 0 | _aKogan Page Science paper edition | |
| 500 | _aOriginally published: London : HPS, 2002. | ||
| 504 | _aIncludes bibliographical references and index. | ||
| 650 | 0 |
_aSurfaces (Technology) _xMeasurement. |
|
| 856 | 4 | 2 |
_3Publisher description _uhttp://www.loc.gov/catdir/enhancements/fy0627/2005295180-d.html |
| 856 | 4 | 2 |
_3Table of contents only _uhttp://www.loc.gov/catdir/enhancements/fy0627/2005295180-t.html |
| 942 |
_cBB _k620/.44 |
||
| 999 |
_c1929 _d1929 |
||